000 01182nam0a22003131 4500
001 rc\3928049
005 20260406093127.0
021 _aRU
_b[51-22987]
035 _a(NLR Aleph) 008030335
090 _a8817049
_c8817049
100 _a20130415d1951 |||y0rusy50 ca
101 0 _arus
102 _aRU
105 _ac z |||||
200 1 _aИ.П. Павлов как фармаколог
_fАкад. мед. наук СССР
205 _a2-е изд., доп. и испр.
210 _aМосква
_cИзд-во Акад. мед. наук СССР
_d1951
215 _a40 с., 2 л. портр.
_d22
320 _aБиблиогр.: с. 35-38
606 _aФармакология экспериментальная
_2psbo
700 1 _aАничков
_bС.В.
_f1892-1981
_gСергей Викторович
701 1 _aГребенкина
_bМ.А.
_gМария Александровна
702 1 _4570
_7ca
_8rus
_aПавлов
_bИ. П.
_cфизиолог
_f1849-1936
_gИван Петрович
_947798
_3RU\NLR\AUTH\7764869
801 0 _aRU
_bNLR
_gpsbo
801 1 _aRU
_bELAR
_2rusmarc
852 _aNLR
_jМд16 Г-6/46
942 _cBOOK
980 _aNB